000
00249nam a2200097Ia 4500
001
726451
005
20250826163429.0
008
250824s9999 xx 000 0 und d
245
0
_a
YENİ GÜN YENİ UMUT
_c
MEHMET FİDAN
260
_b
ATLIKARINCA YAYINLARI
999
_c
726451
_d
726451